000 00512nam a2200181Ia 4500
003 GCL
008 140319s9999 xx 000 0 eng d
040 _aGCL /
_cGCL
082 0 4 _a628.55
_bK P
100 1 _aKOSTECKI. PAULT.
245 1 0 _aPETRULEUM CONTAMINATED SOILS, Vol.3 /
_cKOSTECKI. PAULT.
700 1 _aCALABRESE.EDWARD.J.
260 _a[S.N] :
_bLEWIS PUBLISHRS ،
_c1990
300 _a423 P
650 0 4 _aPETROLEUM - PRODUCTS ENVIRONMENT
650 0 4 _aSOIL POLLUTION-ENVIRONMENT
942 _2ddc
_cBK
999 _c11395
_d11395